| 000 | 00000nam##2200000za#4500 |
| 001 | 9.591013 |
| 003 | CaOODSP |
| 005 | 20210624200414 |
| 007 | cr ||||||||||| |
| 008 | 150406|2002||||xxc|||||o f|0| 0 fre|d |
| 020 | |a0-662-86617-7 |
| 022 | |a1925-0908 |
| 040 | |aCaOODSP|bfre |
| 043 | |an-cn--- |
| 086 | 1 |aH113-9/2001-7F-IN |
| 110 | 1 |aCanada.|bSanté Canada. |bAgence de réglementation de la lutte antiparasitaire. |
| 245 | 10|aChondrostereum purpureum (HQ1) |h[ressource électronique] |
| 260 | |aOttawa - Ontario : |bSanté Canada. |cLe 4 janvier 2002. |
| 300 | |a39p.|bglossaire, références, tableaux |
| 490 | 1 |aProjet de décision d'homologation |x1925-0908|vPRDD 2002-01 |
| 590 | |a12-01-Supp|b2012-01-13 |
| 775 | 08|tChondrostereum purpureum (HQ1) |w(CaOODSP)9.558034 |
| 776 | 0#|tChondrostereum purpureum (HQ1) |w(CaOODSP)9.625872 |
| 830 | #0|aProjet de décision d'homologation,|x1925-0908|vPRDD 2002-01|w(CaOODSP)9.500882 |
| 856 | 40|ahttp://publications.gc.ca|qPDF|s288 Ko|uhttps://publications.gc.ca/collections/Collection/H113-9-2001-7F.pdf|yPRDD 2002-01 |